Online
Catalog

Paisaje y acento : (Record no. 16707)

MARC details
000 -CABECERA
campo de control de longitud fija 01391nam a2200205 a 4500
001 - NÚMERO DE CONTROL
campo de control 000017181
005 - FECHA Y HORA DE LA ÚLTIMA TRANSACCIÓN
campo de control 20200929165036.0
008 - DATOS DE LONGITUD FIJA--INFORMACIÓN GENERAL
campo de control de longitud fija 110412s1943 dr a 000 0 spa d
040 ## - FUENTE DE LA CATALOGACIÓN
Centro catalogador/agencia de origen DO-SdBNP
Lengua de catalogación spa
Centro/agencia transcriptor BNPHU
082 ## - NÚMERO DE LA CLASIFICACIÓN DECIMAL DEWEY
Número de clasificación 917.293
Número de documento/Ítem F7279
100 1# - ENTRADA PRINCIPAL--NOMBRE DE PERSONA
Nombre de persona Forne Farreres, José.
9 (RLIN) 37811
245 10 - MENCIÓN DE TÍTULO
Título Paisaje y acento :
Resto del título impresiones de un español en la República Dominicana /
Mención de responsabilidad, etc. José Forné Farreres.
260 ## - PUBLICACIÓN, DISTRIBUCIÓN, ETC.
Lugar de publicación, distribución, etc. Ciudad Trujillo :
Nombre del editor, distribuidor, etc. Ediciones La Opinión,
Fecha de publicación, distribución, etc. 1943.
300 ## - DESCRIPCIÓN FÍSICA
Extensión 164 p. :
Otras características físicas il. ;
Dimensiones 23 cm.
590 ## - NOTA LOCAL (RLIN)
Nota local Perteneció a la biblioteca personal de Julio Ortega Frier y Rafael Andrés Ortega.
505 0# - NOTA DE CONTENIDO CON FORMATO
Nota de contenido con formato En torno a esta obra y a esta actitud /
Mención de responsabilidad Pedro Mir --
Título Unas palabras /
Mención de responsabilidad Constancio Bernaldo de Quiróz --
Título Nueva presencia de España en América --
-- Higüey, archivo de cortesía --
-- Mercados, calenturas de humanidad --
-- Las peleas de gallos, su persistencia en la Dominicana --
-- ¡Friquitín!, honduras de acento --
-- Baile de palos, fiesta pagana de luna y de campo --
-- Azúcar, tragedia y romance --
-- Gapeas y merengues --
-- Güibia, nocturnal en el trópico --
-- Voudou, una noche con los «endemoniados» --
-- Ciudad Trujillo, enseñanzas del pasado y un presente.
650 #4 - PUNTO DE ACCESO ADICIONAL DE MATERIA--TÉRMINO DE MATERIA
Término de materia o nombre geográfico como elemento de entrada Viajeros españoles
Subdivisión general Correspondencia, memorias, etc.
9 (RLIN) 37812
651 #4 - PUNTO DE ACCESO ADICIONAL DE MATERIA--NOMBRE GEOGRÁFICO
Nombre geográfico República Dominicana
Subdivisión general Vida Social Y Costumbres
9 (RLIN) 405
651 #4 - PUNTO DE ACCESO ADICIONAL DE MATERIA--NOMBRE GEOGRÁFICO
Nombre geográfico República Dominicana
Subdivisión general Descripciones Y Viajes
9 (RLIN) 1651
Holdings
Estado de retiro Estado de pérdida Restricciones de uso No para préstamo Código de colección Localización permanente Ubicación/localización actual Ubicación en estantería Fecha de adquisición Número de inventario Total de préstamos Signatura topográfica completa Código de barras Fecha visto por última vez Precio válido a partir de Tipo de ítem Koha Nota pública
      Excluido de préstamo Raros y valiosos Patrimonio Dominicano Patrimonio Dominicano Depósito 19.03.2010 LF1   917.293 F7279 17181-10 25.06.2020 25.06.2020 No se presta Perteneció a la biblioteca personal de Julio Ortega Frier y Rafael Andrés Ortega.

Powered by Koha